000 00603nam a22001937a 4500
005 20230222022702.0
008 230221b |||||||| |||| 00| 0 eng d
020 _a971-08-5885-8
082 _aFil. 144 C957 1995
100 _aCruz, Corazon L.
_eauthor
245 _aPhilosophy of man /
_cCorazon L. Cruz
250 _a3rd ed.
260 _aMandaluyong City:
_bNational Book Store,
_cc1995
300 _ax, 236p.
504 _aIncludes bibliographies and index
541 _e2107 c.1, 2108 c.2, 2019 c.3, 2110 c.4, 2111 c.5, 2112 c.6
650 _aPhilosophy
650 _aHuman beings - Philosophy
999 _c1329
_d1329